Central Library OPAC University of Rajshahi

The C answer book : (Record no. 354)

MARC details
000 -LEADER
fixed length control field 01062cam a2200301 a 4500
001 - CONTROL NUMBER
control field 354
003 - CONTROL NUMBER IDENTIFIER
rucl marc code BD-RjUL
005 - DATE AND TIME OF LATEST TRANSACTION
control field 20211208233150.0
008 - FIXED-LENGTH DATA ELEMENTS--GENERAL INFORMATION
fixed length control field 880727r19961989ii 001 0 eng d
020 ## - INTERNATIONAL STANDARD BOOK NUMBER
International Standard Book Number 8120305795
035 ## - SYSTEM CONTROL NUMBER
System control number (BD-RjUL)371
040 ## - CATALOGING SOURCE
Original cataloging agency DLC
Transcribing agency DLC
Modifying agency DLC
-- BD-RjUL
Language of cataloging eng
041 ## - LANGUAGE CODE
Language code of text/sound track or separate title eng
082 00 - DEWEY DECIMAL CLASSIFICATION NUMBER
Classification number 005.133
Edition number 19
Author mark and year TOC 1996
100 1# - MAIN ENTRY--PERSONAL NAME
Personal name Tondo, Clovis L.
9 (RLIN) 1128
245 14 - TITLE STATEMENT
Title The C answer book :
Remainder of title solutions to the exercises in The C programming language, second edition, by Brian W. Kernighan and Dennis M. Ritchie /
Statement of responsibility, etc. Clovis L. Tondo, Scott E. Gimpel.
250 ## - EDITION STATEMENT
Edition statement 2nd ed.
260 ## - PUBLICATION, DISTRIBUTION, ETC. (IMPRINT)
Place of publication, distribution, etc. Englewood Cliffs, N.J. :
Name of publisher, distributor, etc. Prentice Hall,
Date of publication, distribution, etc. c1989 [Printing 1996]
300 ## - PHYSICAL DESCRIPTION
Pagination 208 p. ;
Size 24 cm.
504 ## - BIBLIOGRAPHY, ETC. NOTE
Bibliography, etc Includes index.
650 #0 - SUBJECT ADDED ENTRY--TOPICAL TERM
Topical term or geographic name as entry element C (Computer program language)
General subdivision Problems, exercises, etc.
9 (RLIN) 1130
700 1# - ADDED ENTRY--PERSONAL NAME
Personal name Gimpel, Scott E.
Personal name Kernighan, Brian W.
942 ## - ADDED ENTRY ELEMENTS (KOHA)
Source of classification or shelving scheme Dewey Decimal Classification
Koha item type Books
Holdings
Lost status Source of classification or shelving scheme Damaged status Not for loan Collection code Permanent Location Current Location Shelving location Date acquired Source of acquisition Cost, normal purchase price Total Checkouts Full call number Date last seen Date checked out Copy number Koha item type
  Dewey Decimal Classification     Non-fiction Central Library, University of Rajshahi Central Library, University of Rajshahi   21/03/1998 Ahsania misson Book Distribution House. 102.70 1 005.133 TOC 1996 18/03/2016 03/03/2016 C-3 Books
  Dewey Decimal Classification     Non-fiction Central Library, University of Rajshahi Central Library, University of Rajshahi     Ahsania Mission Book Disti: House, Dhaka 102.70   005.133 TOC 1996 15/11/2016   C-2 Books